| 000 | 01039nam a22003617a 4500 | ||
|---|---|---|---|
| 001 | BR7305718 | ||
| 003 | BR-BrBNA | ||
| 005 | 20240201111223.0 | ||
| 007 | ta | ||
| 008 | 230509b bl.||||| |||| 00| 0 por d | ||
| 040 |
_aBR-BrBNA _bpor _cBiblioteca Nacional de Agricultura |
||
| 041 | _a(Eng) | ||
| 072 | _aA50; F00; L00 | ||
| 090 |
_aA50 _bBR7305718 |
||
| 110 | 1 |
_aEmpresa Brasileira de Pesquisa Agropecuaria, Brasilia, DF (Brasil). Depto. de Projetos Especiais _93856 |
|
| 245 | 1 |
_aAgricultural and livestock research program [pesquisa agricola, pesquisa pecuaria, Brasil] _bv. 3, Anexos 10-19 |
|
| 260 | 3 |
_aBrasilia, DF (Brasil): _c[nd]. |
|
| 300 | _a257 p. | ||
| 500 | _aPublished 1975? | ||
| 650 | _aPROJETO DE PESQUISA | ||
| 650 | _aPESQUISA AGRICOLA | ||
| 650 | _aPESQUISA PECUARIA | ||
| 650 | _aARROZ | ||
| 650 | _aALGODAO | ||
| 650 | _aCAPRINO | ||
| 650 | _aOVINO | ||
| 650 | _aFEIJAO | ||
| 650 | _aMANDIOCA | ||
| 650 | _aMILHO | ||
| 650 | _aGADO DE CORTE | ||
| 650 | _aGADO LEITEIRO | ||
| 942 |
_cBK _2AGRIS |
||
| 999 |
_c16882 _d16882 |
||